Southville International School and Colleges
Your cart is empty.
  • Cart
  • Lists
    Public lists Eva Luna New books Lux_list list_1
    Your lists Log in to create your own lists
  • Log in to your account
  • Your cookies
  • Search history
Southville International School and Colleges
  • Advanced search
  • Recent comments
  • Most popular
  • Libraries

Log in to your account

Log in with GOOGLE


If you do not have an external account, but do have a local account, you can still log in:

  1. Home
  2. MARC view: Free will /
Normal view MARC view ISBD view

Free will / (Record no. 22228)

[ view plain ]
MARC details
000 -LEADER
fixed length control field 01293nam a2200205 a 4500
003 - CONTROL NUMBER IDENTIFIER
control field PILC
005 - DATE AND TIME OF LATEST TRANSACTION
control field 20160218131111.0
008 - FIXED-LENGTH DATA ELEMENTS--GENERAL INFORMATION
fixed length control field 121029s19uu xx 00 eng d
020 ## - INTERNATIONAL STANDARD BOOK NUMBER
International Standard Book Number 9780745646671
050 ## - LIBRARY OF CONGRESS CALL NUMBER
Classification number BJ 1461
Item number .C36 2011
100 ## - MAIN ENTRY--PERSONAL NAME
Personal name Campbell, Joseph Keim.
245 ## - TITLE STATEMENT
Title Free will /
Statement of responsibility, etc Joseph Keim Campbell.
260 ## - PUBLICATION, DISTRIBUTION, ETC. (IMPRINT)
Place of publication, distribution, etc Cambridge, UK :
Name of publisher, distributor, etc Polity,
Date of publication, distribution, etc 2011.
300 ## - PHYSICAL DESCRIPTION
Extent viii, 128 pages ;
Dimensions 23 cm.
500 ## - GENERAL NOTE
General note Includes bibliographical references and index.
520 ## - SUMMARY, ETC.
Summary, etc "Using a range of engaging examples, the book introduces the problems, arguments, and theories surrounding free will. Beginning with a discussion of fatalism, foreknowledge, and causal determinism, the book goes on to focus on the metaphysics of moral responsibility, free will skepticism, and skepticism about moral responsibility. Campbell shows that no matter how we look at it, free will is problematic. Thankfully there are a plethora of solutions on offer and the best of these are considered in full in the final chapter on contemporary theories of free will. This chapter includes a rigorous account of libertarianism and compatibilism as well as more nuanced views like revisionism and naturalism"--Back cover.
650 ## - SUBJECT ADDED ENTRY--TOPICAL TERM
Topical term or geographic name as entry element Free will and determinism.
942 ## - ADDED ENTRY ELEMENTS (KOHA)
Koha item type Books
Source of classification or shelving scheme Library of Congress Classification
Call number prefix Foreign
Holdings
Withdrawn status Lost status Source of classification or shelving scheme Damaged status Home library Current library Shelving location Date acquired Source of acquisition Cost, normal purchase price Total Checkouts Total Renewals Full call number Barcode Date last seen Date checked out Copy number Price effective from Koha item type
    Library of Congress Classification   College Library College Library General Circulation Section 10/29/2012 Donation 1446.00 2 1 BJ 1461 .C36 2011 C15957 07/11/2019 06/24/2019 1 10/10/2013 Books

Free will /

APA

Campbell J. K., . (2011). Free will. Cambridge, UK: Polity.

Chicago

Campbell Joseph Keim, . 2011. Free will. Cambridge, UK: Polity.

Harvard

Campbell J. K., . (2011). Free will. Cambridge, UK: Polity.

MLA

Campbell Joseph Keim, . Free will. Cambridge, UK: Polity. 2011.

  • Place hold
  • Print
  • Cite
  • Add to your cart (remove)
  • Save record
    BIBTEX Dublin Core MARCXML MARC (non-Unicode/MARC-8) MARC (Unicode/UTF-8) MARC (Unicode/UTF-8, Standard) MODS (XML) RIS
  • More searches
    Search for this title in:
    Other Libraries (WorldCat) Other Databases (Google Scholar) Online Stores (Bookfinder.com) Open Library (openlibrary.org)

Exporting to Dublin Core...

SOUTHVILLE LIBRARY

Southville International School and Colleges Library

1281 Tropical Ave. Cor. Luxembourg St., BF Homes International, Las Pinas City

Tel. No. 8256374 / 252358 Loc. 117/146

Powered by Koha